00969cam a22002891 4500001001300000003000400013005001700017008004100034010001700075035001900092040002400111042001200135050001700147082000800164100005300172245014100225260004000366300001900406500003300425500004700458650002500505650002500530700003200555700005300587740002200640999001700662sg 46000214 DLC20260227112750.0750829s1946 xx 000 0 eng  asg 46000214  a(OCoLC)1581674 aDLCcFMdOCoLCdDLC apremarc00aHV6080b.S36 a3641 aSeliger, Robert V.q(Robert Victor),d1900-eed.10aContemporary criminal hygiene,ca source book edited by Robert V. Seliger, M. D., Edwin J. Lukas, L.L. B. [and] Robert M. Lindner, PH.D. a[Baltimore]bOakridge press,c1946. a240 p.b22 cm. a"First printing, May, 1946." aReferences at end of some of the chapters. 0aCrime and criminals. 0aCriminal psychology.1 aLukas, Edwin J.,ejoint ed.1 aLindner, Robert Mitchell,d1914-1956,ejoint ed.0 aCriminal hygiene. c90808d90808